| 000 | 00653cab a2200217 4500 | ||
|---|---|---|---|
| 001 | WB3506-34 | ||
| 008 | 090401t1999 xxu||||| |||| 00| 0 eng d | ||
| 035 | _a(Sirsi) u91185 | ||
| 041 | _aeng | ||
| 245 | _aHousebuilding in 1998 | ||
| 260 | _c1999 | ||
| 350 | _a0 | ||
| 490 |
_aDETR Information Bulletin _v(99) 4 February 1999 (6) |
||
| 520 | _aDETR figures for UK housebuilding in 1998 with comparisons to 1997. There is a 6% fall in new dwellings started and a 4% fall in completions. | ||
| 650 | _aHOUSE BUILDING | ||
| 650 | _aNEW DWELLINGS | ||
| 650 | _aSTATISTICS | ||
| 690 | _aHOUSING-DEVELOPMENT | ||
| 942 | _n0 | ||
| 948 | _c09/02/1999 | ||
| 999 |
_c57862 _d57862 |
||